000 01343cam a2200361 i 4500
001 20672299
003 BD-DhSAU
005 20240128154547.0
008 180917s2019 flua b 001 0 eng
020 _a9781138312289
020 _a9780367075187
_qalk. paper)
020 _z9780429664878
020 _a9780429021145
020 _z9780429662157
040 _aBD-DhSAU
082 0 0 _a658.15/5
_223
100 1 _aYoe, Charles E.,
_eauthor.
245 1 0 _aPrimer on risk analysis :
_bdecision making under uncertainty /
_cCharles Yoe.
250 _aSecond edition.
264 1 _aBoca Raton :
_bCRC Press, Taylor & Francis Group,
_c[2019]
300 _axv, 305 pages pages :
_billustrations ;
_c23 cm
336 _atext
_btxt
_2rdacontent
337 _aunmediated
_bn
_2rdamedia
338 _avolume
_bnc
_2rdacarrier
504 _aIncludes bibliographical references.
505 0 _aThe basics -- Uncertainty -- Risk management -- Risk assessment -- Risk communication -- Enterprise risk management -- Decision making under uncertainty.
590 _aRoy
650 0 _aRisk assessment.
650 0 _aDecision making.
856 _uhttp://www.taylorfrancis.com/books/9780429021145
_yInstitutional Access by IP or Remote Access
942 _2ddc
_cE-BOOK
999 _c17386
_d17385